000 00479nam a2200193 a 4500
001 24071
003 CO-ViMGA
008 141112s2004 ck r 000 u spa d
020 _a9861333373
040 _aCO-ViMGA
_bspa
_cCO-ViMGA
082 0 4 _a158 M153d
100 1 _aMandino, Og
_933572
245 1 0 _aLos diez compromisos del éxito /
_cOg Mandino
260 _aMéxico :
_bDiana
300 _a118p.
650 1 4 _aAUTORELAJACION
_935049
650 1 4 _aEXITO
942 _2ddc
_cBK
999 _c32127
_d32127